000
00308nam a22001217a 4500
008
250902b |||||||| |||| 00| 0 eng d
050
_a
HD 58.82
_b
.B46
100
_a
BENNIS G. WARREN
245
_a
ORGANIZATION DEVELOPMENT
260
_a
AMERICA
_b
ADDISON-WESLEY PUBLISHING
_c
1969
300
_a
87p.
942
_c
BK
999
_c
4461
_d
4461